UBT Library

Entomology / (Record no. 1041)

000 -LEADER
fixed length control field 00464nam a22001817a 4500
008 - FIXED-LENGTH DATA ELEMENTS--GENERAL INFORMATION
fixed length control field 150612b xxu||||| |||| 00| 0 eng d
020 ## - INTERNATIONAL STANDARD BOOK NUMBER
International Standard Book Number 1928623050
041 0# - LANGUAGE CODE
Language code of text/sound track or separate title eng
080 ## - UNIVERSAL DECIMAL CLASSIFICATION NUMBER
Universal Decimal Classification number 573.6
100 1# - Rafti
Rafti Gangwere, Stan K.
245 10 - TITLE STATEMENT
Title Entomology /
Statement of responsibility, etc S.K. Gangwere.
250 ## -
-- 1st ed.
260 ## -
-- LIvonia, MI :
-- First Page Publications,
-- 2005.
300 ## -
-- 353 f.:
-- me il.;
-- 23 cm.
505 ## -
-- Index: f.351-353
650 #0 -
-- Biologji
942 ## - ADDED ENTRY ELEMENTS (KOHA)
Source of classification or shelving scheme
Item type Books
Holdings
Withdrawn status Lost status Source of classification or shelving scheme Damaged status Not for loan Collection code Permanent location Current location Shelving location Date acquired Total Checkouts Full call number Date last seen Price effective from Koha item type
          Koleksioni i përgjithshem UBT - Lipjan UBT - Lipjan Koleksioni i përgjithshem 06/12/2015   573.6 GAN 06/12/2015 06/12/2015 Books
UBT Library © 2015-2024. All rights reserved University Education for Business and Technology